000 01303nam a2200385 c 4500
001 45313
003 ES-MaCES
005 20150705153230.0
007 cr |||||||||||
008 141103s2014 sp |||| 00| ||spa||
017 _aM 27354-2014
_bDL
020 _a9788484405917
040 _aES-MaCES
_bspa
_cES-MaCES
245 0 0 _aVII informe sobre exclusión y desarrollo social en España 2014
_cFundación Foessa
260 _aMadrid
_bFundación Foessa
_bCáritas Española
_c2014
300 _a685 p
_c27 cm
_e1 documento pdf (6,37 mb)
541 _cGratuito
650 4 _aexclusión social
_930629
650 4 _acondiciones sociales
_930469
650 4 _adesigualdad social
_930789
650 4 _apobreza
_927112
650 4 _alucha contra la pobreza
_930648
650 4 _adesarrollo social
_929239
650 4 _apolítica social
_927029
650 4 _aEspaña
_926964
650 4 _a2014
_934918
650 4 _ainforme
_928986
653 1 0 _aAsuntos Sociales
710 2 _aCáritas Española
_eed.
_91740
710 2 _aFundación FOESSA
_93823
787 0 _tVI informe sociológico sobre la situación social en España 2008
_w(ES-MaCES)21557
856 4 _uhttp://biblioteca.ces.es/repintra/B45313.pdf
_ytexto completo
_z[intranet]
902 _aLIB Libro
942 _2CES
_cBK
_h3.3.
999 _c45313
_d45313